000 00637nam a22002057a 4500
999 _c17086
_d17086
003 AR-CdUCM
008 190311b ||||| |||| 00| 0 spa d
040 _aMUNICIPALIDAD PROVINCIAL DEL CUSCO
_cBIBLIOTECA MUNICIPAL DEL CUSCO
082 _24ed.
_a985.001 /
_bP73
245 _aPoemas a Mariategui /
260 _aLima :
_bAmauta,
_c1973.
300 _a192 páginas ;
_bIlustraciones, Retratos, Graficos, laminas,
_c18 cm.
440 _aBiblioteca Amauta
_n9
_914895
650 _aPoesias
_95433
650 _aAniversario
_912430
650 _aPerú
_935
650 _aLiteratura
_983
942 _2ddc
_cLIBROS
945 _arah
_d07/05/2019